Produkcia fytomasy hybridov kukurice pestovaných na energetické účely

Podrobná bibliografia
Hlavný autor: Mikle, František (Autor)
Médium: Článok
Jazyk:slovenčina
Fyzický popis:Tab.
ISSN:1335-2466
Predmet:

MARC

LEADER 00000nab a2200000 a 4500
001 vtls009331168
003 SK-MaSNL
005 20260304153442.0
008 250506c2008 xo |||||||||||000 b|slo
015 |a SNBRB2008/09  |2 snkbucl 
035 |a (uuid)9cde9a90-da9f-4da0-a7f2-f16728d9a975 
035 |a urn:nbn:sk:snk-ab134p 
035 |a (urnnbn)urn:nbn:sk:snk:ar-a04kqz 
038 |a SNKBUCL 
040 |a SNKBUCL  |b slo  |c SNKBUCL  |e AACR2 
041 0 |a slo 
044 |a xo  |c SK 
080 |a 633.15  |2 1997 
080 |a 633:620.9  |2 1997 
100 1 |a Mikle, František  |4 aut  |9 12747 
245 1 0 |a Produkcia fytomasy hybridov kukurice pestovaných na energetické účely  |c František Mikle 
300 |b Tab. 
650 0 7 |a energetické rastliny  |2 snkbucl  |9 70827 
650 0 7 |a kukurica  |2 snkbucl  |9 16138 
650 0 7 |a fytomasa  |2 snkbucl  |9 18534 
650 0 7 |a hybridy kukurice  |2 snkbucl  |9 52662 
773 0 |t Naše pole  |g Roč. XII, č. 9 (2008), s. 46  |x 1335-2466 
850 |a Slovenská národná knižnica 
852 |a Slovenská národná knižnica 
954 |a odborná, vedecká literatúra pôvodná (slovenská)  |2 lita 
958 |a article27 
958 |a OND 
958 |a EUIPO 
999 |c 2953755  |d 2955685